History Quiz

Random History or Clickable Quiz
Score 0/15 Timer 04:00
2 Plays Today
% Correct
Peloponnesian War
78.4%
First Crusade
68%
Gallic Wars
67.5%
Norman Conquest of England
63.6%
Saxon Wars
58.5%
Hundred Years' War
57.5%
Gulf War
50.5%
Seven Years' War
45.3%
% Correct
Six-Day War
38.7%
Mexican-American War
33.2%
Russo-Japanese War
31.2%
First Opium War
29.3%
Haitian Revolution
29.2%
Boxer Rebellion
28.1%
First Sino-Japanese War
22.8%

You're not logged in!

Compare scores with friends on all Sporcle quizzes.
OR
Log In

Sporcle TV

Today on Sporcle TV


Watch our educational content, quiz creation guides, and fun videos on Sporcle TV.

Show Comments

Extras

Top Quizzes Today


Score Distribution

Your Account Isn't Verified!

In order to create a playlist on Sporcle, you need to verify the email address you used during registration. Go to your Sporcle Settings to finish the process.

Report this User

Report this user for behavior that violates our Community Guidelines.

Details: